MARC

LEADER 00000nam0a2200000 4500
001 364590
005 20231102011714.0
035 |a (RuTPU)RU\TPU\retro\21948 
090 |a 364590 
100 |a 20211122d1981 m y0rusy50 ca 
101 0 |a rus 
102 |a RU 
105 |a y z 001zy 
200 1 |a Буржуазная демократия: мифы и реальность  |f В. В. Косолапов 
210 |a Киев  |c Наукова думка  |d 1981 
215 |a 176 с. 
320 |a Библиография в ссылках 
606 1 |a Буржуазная демократия  |2 stltpush  |3 (RuTPU)RU\TPU\subj\30418  |9 53528 
610 1 |a мифы 
610 1 |a реальность 
610 1 |a социализм 
610 1 |a капитализм 
610 1 |a социальная политика 
610 1 |a идеология 
610 1 |a политические кризисы 
686 |a Ф3(0,8)12  |v LBC/SL-A  |2 rubbk 
700 1 |a Косолапов  |b В. В.  |g Виктор Васильевич 
801 1 |a RU  |b 63413507  |c 20211122 
942 |c BK